Normal view
MARC view
Entry Topical Term
001 - CONTROL NUMBER
- control field: 35429
003 - CONTROL NUMBER IDENTIFIER
- control field: ARRUPE
005 - DATE AND TIME OF LATEST TRANSACTION
- control field: 20170830111013.0
008 - FIXED-LENGTH DATA ELEMENTS
- fixed length control field: 170830|| aca||aabn | a|a d
040 ## - CATALOGING SOURCE
- Original cataloging agency: ARRUPE
- Transcribing agency: ARRUPE
150 ## - HEADING--TOPICAL TERM
- Topical term or geographic name as entry element: Cities and towns, Medieval.
670 ## - SOURCE DATA FOUND
- Source citation: Work cat.: (ARRUPE)0: Mundy, John Hine, 1917-2004. 35428, The medieval town, 1958